<?xml version="1.0" encoding="UTF-8"?>
<record
    xmlns:xsi="http://www.w3.org/2001/XMLSchema-instance"
    xsi:schemaLocation="http://www.loc.gov/MARC21/slim http://www.loc.gov/standards/marcxml/schema/MARC21slim.xsd"
    xmlns="http://www.loc.gov/MARC21/slim">

  <leader>01750nam0a2200361   4500</leader>
  <controlfield tag="001">RU\NLR\bibl\34913</controlfield>
  <controlfield tag="005">20260407043012.0</controlfield>
  <datafield tag="010" ind1=" " ind2=" ">
    <subfield code="a">5-88516-035-X</subfield>
    <subfield code="9">1500</subfield>
  </datafield>
  <datafield tag="021" ind1=" " ind2=" ">
    <subfield code="a">RU</subfield>
    <subfield code="b">99-18034</subfield>
    <subfield code="9">873</subfield>
  </datafield>
  <datafield tag="035" ind1=" " ind2=" ">
    <subfield code="a">(NLR Aleph) 000034021</subfield>
  </datafield>
  <datafield tag="090" ind1=" " ind2=" ">
    <subfield code="a">172885</subfield>
    <subfield code="c">172885</subfield>
  </datafield>
  <datafield tag="100" ind1=" " ind2=" ">
    <subfield code="a">19990624d1999    |||y0rusy50      ca</subfield>
  </datafield>
  <datafield tag="101" ind1="0" ind2=" ">
    <subfield code="a">rus</subfield>
  </datafield>
  <datafield tag="102" ind1=" " ind2=" ">
    <subfield code="a">RU</subfield>
  </datafield>
  <datafield tag="105" ind1=" " ind2=" ">
    <subfield code="a">a   |||||||||</subfield>
  </datafield>
  <datafield tag="200" ind1="1" ind2=" ">
    <subfield code="a">&#x417;&#x430;&#x449;&#x438;&#x442;&#x430; &#x43F;&#x440;&#x430;&#x432; &#x440;&#x435;&#x431;&#x435;&#x43D;&#x43A;&#x430;</subfield>
    <subfield code="e">&#x421;&#x43E;&#x446;&#x438;&#x430;&#x43B;. &#x438; &#x44E;&#x440;&#x438;&#x434;. &#x430;&#x441;&#x43F;&#x435;&#x43A;&#x442;&#x44B;</subfield>
    <subfield code="f">[&#x417;&#x44B;&#x43A;&#x43E;&#x432; &#x41E;.&#x412;., &#x410;&#x440;&#x442;&#x435;&#x43C;&#x447;&#x443;&#x43A; &#x410;.&#x414;., &#x411;&#x430;&#x443;&#x448;&#x435;&#x432;&#x430; &#x418;.&#x41B;. &#x438; &#x434;&#x440;.</subfield>
    <subfield code="g">&#x420;&#x435;&#x434;&#x43A;&#x43E;&#x43B;.: &#x411;&#x430;&#x43B;&#x430;&#x448;&#x43E;&#x432; &#x415;.&#x411;. &#x438; &#x434;&#x440;.]</subfield>
    <subfield code="g">&#x420;&#x43E;&#x441;. &#x431;&#x43B;&#x430;&#x433;&#x43E;&#x442;&#x432;&#x43E;&#x440;&#x438;&#x442;. &#x444;&#x43E;&#x43D;&#x434; "&#x41D;&#x435;&#x442; &#x430;&#x43B;&#x43A;&#x43E;&#x433;&#x43E;&#x43B;&#x438;&#x437;&#x43C;&#x443; &#x438; &#x43D;&#x430;&#x440;&#x43A;&#x43E;&#x43C;&#x430;&#x43D;&#x438;&#x438;" (&#x444;&#x43E;&#x43D;&#x434; &#x41D;&#x410;&#x41D;), &#x41C;&#x43E;&#x441;&#x43A;. &#x433;&#x43E;&#x440;. &#x446;&#x435;&#x43D;&#x442;&#x440; "&#x414;&#x435;&#x442;&#x438; &#x443;&#x43B;&#x438;&#x446;"</subfield>
  </datafield>
  <datafield tag="210" ind1=" " ind2=" ">
    <subfield code="a">&#x41C;.</subfield>
    <subfield code="c">&#x420;&#x43E;&#x441;. &#x431;&#x43B;&#x430;&#x433;&#x43E;&#x442;&#x432;&#x43E;&#x440;&#x438;&#x442;. &#x444;&#x43E;&#x43D;&#x434; "&#x41D;&#x410;&#x41D;"</subfield>
    <subfield code="d">1999</subfield>
  </datafield>
  <datafield tag="215" ind1=" " ind2=" ">
    <subfield code="a">117 &#x441;.</subfield>
    <subfield code="c">&#x441;&#x445;&#x435;&#x43C;.</subfield>
    <subfield code="d">21</subfield>
  </datafield>
  <datafield tag="320" ind1=" " ind2=" ">
    <subfield code="a">&#x411;&#x438;&#x431;&#x43B;&#x438;&#x43E;&#x433;&#x440;.: &#x441;. 116-117</subfield>
  </datafield>
  <datafield tag="606" ind1="0" ind2=" ">
    <subfield code="a">&#x41F;&#x440;&#x430;&#x432;&#x430; &#x440;&#x435;&#x431;&#x435;&#x43D;&#x43A;&#x430;</subfield>
    <subfield code="x">&#x417;&#x430;&#x449;&#x438;&#x442;&#x430;</subfield>
    <subfield code="y">&#x420;&#x43E;&#x441;&#x441;&#x438;&#x439;&#x441;&#x43A;&#x430;&#x44F; &#x424;&#x435;&#x434;&#x435;&#x440;&#x430;&#x446;&#x438;&#x44F;</subfield>
    <subfield code="9">2082382</subfield>
    <subfield code="3">RU\NLR\auth\661258405</subfield>
  </datafield>
  <datafield tag="606" ind1="0" ind2=" ">
    <subfield code="a">&#x41F;&#x440;&#x430;&#x432;&#x430; &#x440;&#x435;&#x431;&#x435;&#x43D;&#x43A;&#x430;</subfield>
    <subfield code="x">&#x417;&#x430;&#x449;&#x438;&#x442;&#x430;</subfield>
    <subfield code="y">&#x424;&#x440;&#x430;&#x43D;&#x446;&#x438;&#x44F;</subfield>
    <subfield code="9">2095878</subfield>
    <subfield code="3">RU\NLR\auth\661268106</subfield>
  </datafield>
  <datafield tag="686" ind1=" " ind2=" ">
    <subfield code="a">&#x425;629.218.3</subfield>
  </datafield>
  <datafield tag="686" ind1=" " ind2=" ">
    <subfield code="a">&#x425;839(4&#x424;&#x440;)742</subfield>
  </datafield>
  <datafield tag="701" ind1=" " ind2="1">
    <subfield code="a">&#x417;&#x44B;&#x43A;&#x43E;&#x432;</subfield>
    <subfield code="b">&#x41E;. &#x412;.</subfield>
    <subfield code="g">&#x41E;&#x43B;&#x435;&#x433; &#x412;&#x43B;&#x430;&#x434;&#x438;&#x43C;&#x438;&#x440;&#x43E;&#x432;&#x438;&#x447;</subfield>
    <subfield code="4">070</subfield>
  </datafield>
  <datafield tag="701" ind1=" " ind2="1">
    <subfield code="a">&#x410;&#x440;&#x442;&#x435;&#x43C;&#x447;&#x443;&#x43A;</subfield>
    <subfield code="b">&#x410;. &#x414;.</subfield>
    <subfield code="4">070</subfield>
  </datafield>
  <datafield tag="702" ind1=" " ind2="1">
    <subfield code="a">&#x411;&#x430;&#x43B;&#x430;&#x448;&#x43E;&#x432;</subfield>
    <subfield code="b">&#x415;. &#x411;.</subfield>
    <subfield code="4">340</subfield>
  </datafield>
  <datafield tag="712" ind1="0" ind2="2">
    <subfield code="4">570</subfield>
    <subfield code="a">"&#x41D;&#x435;&#x442; &#x430;&#x43B;&#x43A;&#x43E;&#x433;&#x43E;&#x43B;&#x438;&#x437;&#x43C;&#x443; &#x438; &#x43D;&#x430;&#x440;&#x43A;&#x43E;&#x43C;&#x430;&#x43D;&#x438;&#x438;", &#x440;&#x43E;&#x441;&#x441;&#x438;&#x439;&#x441;&#x43A;&#x438;&#x439; &#x431;&#x43B;&#x430;&#x433;&#x43E;&#x442;&#x432;&#x43E;&#x440;&#x438;&#x442;&#x435;&#x43B;&#x44C;&#x43D;&#x44B;&#x439; &#x444;&#x43E;&#x43D;&#x434;</subfield>
    <subfield code="3">RU\NLR\AUTH\8810015353</subfield>
    <subfield code="9">528565</subfield>
  </datafield>
  <datafield tag="801" ind1=" " ind2="0">
    <subfield code="a">RU</subfield>
    <subfield code="b">NLR</subfield>
    <subfield code="c">19990624</subfield>
    <subfield code="g">PSBO</subfield>
  </datafield>
  <datafield tag="801" ind1=" " ind2="1">
    <subfield code="a">RU</subfield>
    <subfield code="b">NLR</subfield>
    <subfield code="c">19990624</subfield>
  </datafield>
  <datafield tag="852" ind1=" " ind2=" ">
    <subfield code="a">NLR</subfield>
    <subfield code="j">99-3/6105</subfield>
  </datafield>
  <datafield tag="942" ind1=" " ind2=" ">
    <subfield code="c">BOOK</subfield>
  </datafield>
  <datafield tag="980" ind1=" " ind2=" ">
    <subfield code="a">NB</subfield>
  </datafield>
  <datafield tag="995" ind1=" " ind2=" ">
    <subfield code="5">2013-10-26</subfield>
    <subfield code="b">NLR01</subfield>
    <subfield code="c">NLR01</subfield>
    <subfield code="e">RF8</subfield>
    <subfield code="f">1-213091</subfield>
    <subfield code="k">99-3/6105</subfield>
    <subfield code="o">0</subfield>
    <subfield code="r">BOOK</subfield>
    <subfield code="s">9936105_</subfield>
  </datafield>
</record>
